State-Capital Match Quiz Stats

Quiz not verified by Sporcle

Challenge
Share
Tweet
Embed
Score 0/50 Timer 05:00
1 Play Today
% Correct
Tallahassee
79.1%
Albany
78.2%
Oklahoma City
78.2%
Austin
78.2%
Atlanta
77.8%
Baton Rouge
77.6%
Sacramento
77.4%
Santa Fe
77.3%
Indianapolis
77.2%
Denver
77%
Juneau
77%
Salt Lake City
77%
Honolulu
76.5%
Boston
76.5%
Topeka
76.4%
Boise
76.2%
Dover
76.1%
Phoenix
76%
Providence
75.7%
Montgomery
75.6%
Little Rock
75.6%
Nashville
75.6%
Helena
75.5%
Trenton
75.3%
Augusta
75.2%
% Correct
Montpelier
75.1%
Springfield
74.8%
St. Paul
74.8%
Olympia
74.8%
Salem
74.7%
Annapolis
74.5%
Harrisburg
74.4%
Richmond
74.3%
Madison
74%
Cheyenne
73.7%
Carson City
73.3%
Lansing
73.3%
Jefferson City
73.3%
Frankfort
73.1%
Des Moines
73%
Jackson
72.6%
Lincoln
72.6%
Pierre
72.6%
Bismarck
72.5%
Columbus
71.8%
Raleigh
71.3%
Charleston
71.1%
Columbia
70.5%
Hartford
70.3%
Concord
70%

You're not logged in!

Compare scores with friends on all Sporcle quizzes.
Join for Free
OR
Log In

You Might Also Like...

Show Comments

Extras

Top Quizzes Today


Score Distribution

Your Account Isn't Verified!

In order to create a playlist on Sporcle, you need to verify the email address you used during registration. Go to your Sporcle Settings to finish the process.

Report this User

Report this user for behavior that violates our Community Guidelines.

Details: